LEADER 01196nam a2200313 u 4500 001 000000040955 003 CaOOAMICUS 005 20070226114147.0 008 980901s1993 it u000 u ita u 020 $a8815048790 035 $a10802214 040 $aMSA$bita$dPUL 100 1 $aCardia, Carlo.$0(OLS)http://pul/name/7644 245 13$aIl governo della Chiesa /$cCarlo Cardia. 250 $a2. ed. 260 $aBologna :$bIl Mulino,$c1993. 300 $a301 p. ;$c21 cm 490 1 $aStrumenti. Diritto 490 1 $aCorso di diritto canonico 504 $aBibliografia in nota a pie' pagina. 650 4$aDiritto canonico.$0(OLS)http://pul/subject/1294 830 0$aCorso di diritto canonico.$0(OLS)http://pul/title/19272 830 0$aStrumenti (Il Mulino).$pDiritto.$0(OLS)http://pul/title/52038 850 $aPUL 852 $aPUL$W1$xSL Diritto Canonico 1$y5$m150 B 61$j55559$n $b $qStampati$B55559$CPULBib$Z2$F55559 $HPUL91558 $81 941 1 $a8 996 $6020$a8815048790$9(OLS)http://pul/number/50884 996 $6245$aIl governo della Chiesa$9(OLS)http://pul/title/11109 996 $6260$aBologna :$bIl Mulino$9(OLS)http://pul/publisher/47928 LEADER 01467nam a2200325 a 4500 001 000000147987 003 CaOOAMICUS 005 20151204144718.0 008 151204s2015 it u000 u ita r 020 $z978-88-921-0068-8* 032 $aLibriCat 040 $aPUL$bita 082 04$a342.45 100 1 $aBin, Roberto.$0(OLS)http://pul/name/64463 245 10$aDiritto pubblico :$bpercorso I Organizzazione dei poteri pubblici, percorso II Atti pubblici e tutela dei diritti /$cRoberto Bin, Giovanni Pitruzzella. 250 $a13. ed. 260 $aTorino :$bG. Giappichelli,$cİ2015. 300 $aXXXIII, 543 p. ;$c24 cm. 504 $aInclude indice. 650 4$aStato$xConcetto$xStoria.$0(OLS)http://pul/subject/10055 650 4$aDiritto costituzionale$zItalia.$0(OLS)http://pul/subject/5313 700 1 $aPitruzzella, Giovanni.$0(OLS)http://pul/name/70563 850 $aPUL 852 $aPUL$W1$xDP2 Diritto e Scienze Sociali 3$y110$m342. 45 BINRO 5$j170776$qDDC 21$B171806$CPULBib$Z2$F171806 $H126612 $81 941 1 $a9 996 $6020$z978-88-921-0068-8*$9(OLS)http://pul/number/159201 996 $6082$a342.45$9(OLS)http://pul/classification/377 996 $6245$aDiritto pubblico :$bpercorso I Organizzazione dei poteri pubblici, percorso II Atti pubblici e tutela dei diritti$9(OLS)http://pul/title/186732 996 $6260$aTorino :$bG. Giappichelli$9(OLS)http://pul/publisher/49130